[Event "Karelian Autumn"]
[Site "Petrozavodsk"]
[Date "2012.10.18"]
[Round "7"]
[White "Velikodvorskaya, Regina"]
[Black "Baganov, Dmitry"]
[Result "0-1"]
[WhiteElo "1703"]
[BlackElo "1899"]
[PlyCount "48"]
[EventDate "2012.10.14"]
[EventType "swiss"]
[EventRounds "9"]
[EventCountry "RUS"]
[SourceTitle "EXT 2013"]
[Source "ChessBase"]
[SourceDate "2012.11.22"]
[SourceVersion "1"]
[SourceVersionDate "2012.11.22"]
[SourceQuality "1"]

1. e4 e5 2. Nf3 Nc6 3. c3 d5 4. Bb5 dxe4 5. Bxc6+ bxc6 6. Nxe5 Qg5 7. d4 Qxg2 8. Rf1 f6 9. Nc4 Bh3 10. Ne3 Qg6 11. Rh1 f5 12. Nf1 Qg2 13. Ng3 Bd6 14. Qh5+ g6 15. Qh4 Bxg3 16. Qxg3 Qxh1+ 17. Kd2 e3+ 18. Kc2 Qe4+ 19. Kd1 Bg4+ 20. f3 Bxf3+ 21. Ke1 Ne7 22. Qe5 Qxe5 23. dxe5 f4 24. Na3 0-0-0 0-1

[Event "Karelian Autumn"]
[Site "Petrozavodsk"]
[Date "2012.10.14"]
[Round "1"]
[White "Baganov, Dmitry"]
[Black "Suleymanyants, Odisey"]
[Result "0-1"]
[WhiteElo "1899"]
[BlackElo "2227"]
[PlyCount "72"]
[EventDate "2012.10.14"]
[EventType "swiss"]
[EventRounds "9"]
[EventCountry "RUS"]
[SourceTitle "EXT 2013"]
[Source "ChessBase"]
[SourceDate "2012.11.22"]
[SourceVersion "1"]
[SourceVersionDate "2012.11.22"]
[SourceQuality "1"]

1. d4 Nf6 2. c4 e6 3. Nc3 d5 4. Bg5 Be7 5. f3 0-0 6. e4 dxe4 7. fxe4 e5 8. Bxf6 Bxf6 9. d5 Be7 10. a3 a5 11. Nf3 Bg4 12. Be2 Bxf3 13. Bxf3 Bc5 14. Qd2 Nd7 15. Rb1 a4 16. g3 Bd4 17. Ne2 Bb6 18. Kf1 f5 19. Ke1 Ba5 20. Nc3 Nc5 21. Qe3 Qd6 22. Rf1 f4 23. Qe2 fxg3 24. hxg3 Qg6 25. Qg2 Qg5 26. Ke2 Ra6 27. Rbd1 Bxc3 28. bxc3 Rb6 29. Rb1 Rbf6 30. Rbd1 Qg6 31. Rd2 Nxe4 32. Bxe4 Qg4+ 33. Bf3 Rxf3 34. Rxf3 e4 35. Ke1 Rxf3 36. Re2 e3 0-1